Geography Quiz

Random Geography or City Quiz

Europe Populous Cities Quiz Stats

 Plays Quiz Updated Sep 28, 2018

Score 0/25 Timer 05:00
23 Plays Today
% Correct
3. London, UK
99.3%
4. Paris, France
98.9%
13. Rome, Italy
97%
5. Madrid, Spain
95.8%
11. Berlin, Germany
95.1%
1. Moscow, Russia
86.5%
15. Athens, Greece
85.5%
10. Barcelona, Spain
85.1%
23. Amsterdam, Netherlands
84.8%
22. Lisbon, Portugal
83%
21. Budapest, Hungary
74.4%
8. Milan, Italy
71.1%
2. Istanbul, Turkey
69.9%
% Correct
14. Kyiv, Ukraine
63.4%
7. St Petersburg, Russia
62.4%
19. Manchester, UK
62.3%
20. Hamburg, Germany
54.6%
12. Naples, Italy
53.7%
16. Frankfurt Area,
Germany
51.4%
18. Birmingham, UK
50.2%
17. Rotterdam, Netherlands
41.1%
9. Dusseldorf/Cologne Area, Germany
33.2%
25. Stuttgart, Germany
23.8%
6. Dortmund/Rohr Area, Germany
19.7%
24. Katowice, Poland
11.1%

You're not logged in!

Compare scores with friends on all Sporcle quizzes.
OR
Log In

Sporcle TV

Today on Sporcle TV


Watch our educational content, quiz creation guides, and fun videos on Sporcle TV.

Show Comments

Extras

Top Quizzes Today


Score Distribution

Your Account Isn't Verified!

In order to create a playlist on Sporcle, you need to verify the email address you used during registration. Go to your Sporcle Settings to finish the process.

Report this User

Report this user for behavior that violates our Community Guidelines.

Details: